Bekar - Quand il neigeait encore - Statistiques

Statistiques générales
  • Ce quiz a été pris 220 fois
  • Le résultat moyen est 279 sur 411
Statistiques - réponses
Hint Réponse % Correct
la
98%
m'a
95%
ma
95%
Ma
95%
à
93%
À
93%
a
93%
de
93%
nuit
93%
ce
92%
mais
92%
Refrain Mais
92%
et
91%
Et
91%
quand
91%
Quand
91%
plus
90%
en
89%
Dans
88%
dans
88%
encore
88%
il
88%
neigeait
86%
Couplet 1 J'ai
85%
j'ai
85%
le
85%
pas
85%
les
84%
du
83%
si
83%
tu
82%
j'lui
81%
un
81%
Un
81%
au
80%
belle
80%
faisait
79%
m'aimais
79%
passé
79%
plait
79%
qui
79%
ses
79%
tard
79%
vie
79%
cette
78%
fille
78%
fond
78%
mon
77%
m'paraissait
77%
j'sais
76%
J'sais
76%
Moi
76%
moi
76%
deux
75%
soi
75%
doigts
74%
doigts
74%
temps
74%
coma
73%
draps
73%
c'est
72%
mis
72%
y
71%
avait
69%
commande
69%
commande
69%
ça
68%
équipe
68%
euro
68%
pour
68%
vapes
67%
on
66%
comme
65%
j'suis
64%
rap
64%
j'me
63%
blé
62%
rappelle
62%
61%
61%
ou
61%
sur
61%
sûr
61%
est
59%
J'suis
59%
j'suis
59%
soir
59%
tout
59%
mal
55%
une
54%
vivait
54%
Devant
53%
devant
53%
éduqué
53%
daronne
52%
lit
52%
s'il
52%
fonce-dé
51%
d'hôpital
50%
fermé
50%
père
50%
porte
49%
qu'il
49%
cas
48%
clé
48%
part
48%
prié
48%
tête
48%
gardé
47%
juste
47%
moteur
47%
vu
47%
fait
46%
j'baissais
45%
motard
45%
prendre
45%
pris
45%
soit
45%
son
45%
bolide
44%
gros
44%
shtards
44%
Mes
42%
dix
42%
d'or
42%
grandi
42%
Mes
42%
mes
42%
qu'fallait
42%
velux
42%
capter
41%
luxe
41%
d'artiste
40%
large
40%
parti
40%
prix
40%
qu'on
40%
ans
39%
jour
39%
moins
39%
d'la
38%
faire
38%
l'hiver
38%
parc
38%
place
38%
combines
37%
monde
37%
sous
37%
avec
36%
disques
36%
flocons
36%
grandir
36%
j'allais
36%
j'vais
36%
luge
36%
main
36%
mauvaises
36%
Qu'est-ce
36%
j'vis
35%
préférés
35%
toujours
35%
albums
34%
même
34%
ont
34%
peur
34%
sont
34%
chez
33%
destin
33%
glissant
33%
Rouler
33%
chemin
32%
j'rembobine
32%
quelques
32%
coup
31%
mettre
31%
passés
31%
rentré
31%
reum
31%
rêves
31%
changer
30%
J'écoute
30%
parents
30%
aut'
29%
bien
29%
courir
29%
Est-ce
29%
j'aurais
29%
Kobe
29%
l'sable
29%
amis
28%
dix-huit
28%
d'oseille
28%
nos
28%
partir
27%
trop
27%
d'magie
26%
piges
26%
p't-être
26%
vite
26%
l'oseille
25%
qu'j'peux
25%
vieilli
25%
qu'avec
24%
tôt
24%
partie
21%
l'innocence
20%
Aucun quiz correspondant
Distribution des résultats
% des personnes avec chaque résultat
Percentile par nombre de réponses
Votre historique - résultats
Vous n’avez pas pris ce quiz